| 000 | 00995nam a22002532 4500 | ||
|---|---|---|---|
| 001 | 27591 | ||
| 003 | BD-RjUL | ||
| 005 | 20211209051156.0 | ||
| 008 | 140325r19691967c a b 001 0 eng d | ||
| 035 |
_a(BD-RjUL)27665 _aOCLC ocm00478720 from D970519M |
||
| 040 |
_aDLC _cDLC _dOCL _dEQO _dBD-RjUL _beng |
||
| 041 | _aeng | ||
| 082 | 0 | 0 |
_a977.31104 _bGON 1969 |
| 100 | 1 |
_aGosnell, Harold F. _q(Harold Foote), _d1896-1997 _984736 |
|
| 245 | 1 | 0 |
_aNegro politicians : _bthe rise of Negro politics in Chicago / _cby Harold F. Gosnell. With an introd. by James Q. Wilson. |
| 260 |
_aChicago : _bUniversity of Chicago Press, _cc1967 [impression 1969].. |
||
| 300 |
_axix, 396 p. : _bmaps, ports. _c21 cm. |
||
| 504 | _aIncludes bibliographical references and index. | ||
| 650 | 0 |
_aAfro-Americans _zIllinois _zChicago _xPolitics and government. _984737 |
|
| 651 | 0 |
_aChicago (Ill.) _xPolitics and government _yTo 1950. _984738 |
|
| 942 |
_2ddc _cBK |
||
| 999 |
_c27591 _d27591 |
||